Movies Quiz

Random Movies or Clickable Quiz

Common Criticisms of Classic Films Quiz Stats

 Plays Quiz Updated Dec 1, 2017

Score 0/20 Timer 05:00
4 Plays Today
% Correct
Ben-Hur
95.6%
The Wolf of Wall Street
91%
The Dark Knight
89.5%
A Beautiful Mind
87.6%
Psycho
87%
Titanic
86%
Gone with the Wind
85.2%
No Country for Old Men
79.9%
The Shining
78%
Apocalypse Now
77.1%
% Correct
2001: A Space Odyssey
76%
Citizen Kane
73.5%
The Silence of the Lambs
72.6%
The Lord of the Rings: The Return of the King
72.4%
Raging Bull
71.7%
Life is Beautiful
70.4%
Fargo
67.8%
The Godfather, Part II
65.9%
The Searchers
63.4%
Minority Report
59.4%

You're not logged in!

Compare scores with friends on all Sporcle quizzes.
OR
Log In

You Might Also Like...

Show Comments

Extras

Top Quizzes Today


Score Distribution

Your Account Isn't Verified!

In order to create a playlist on Sporcle, you need to verify the email address you used during registration. Go to your Sporcle Settings to finish the process.

Report this User

Report this user for behavior that violates our Community Guidelines.

Details: